English traced to Arabic, (Record no. 85384)

MARC details
000 -LEADER
fixed length control field 00671cam a2200229 4500
001 - CONTROL NUMBER
control field sa 68013834
003 - CONTROL NUMBER IDENTIFIER
control field DLC
005 - DATE AND TIME OF LATEST TRANSACTION
control field 20260227112626.0
008 - FIXED-LENGTH DATA ELEMENTS--GENERAL INFORMATION
fixed length control field 691215s1967 pk 00010 eng
010 ## - LIBRARY OF CONGRESS CONTROL NUMBER
LC control number sa 68013834 //r922
025 ## - OVERSEAS ACQUISITION NUMBER
Overseas acquisition number PL480:P-E-1457
040 ## - CATALOGING SOURCE
Original cataloging agency DLC
Transcribing agency DLC
Modifying agency DLC
050 00 - LIBRARY OF CONGRESS CALL NUMBER
Classification number PE1582.A7
Item number M3
082 00 - DEWEY DECIMAL CLASSIFICATION NUMBER
Classification number 422/.4/927
100 10 - MAIN ENTRY--PERSONAL NAME
Personal name Mazhar, Mohammad Ahmad.
245 10 - TITLE STATEMENT
Title English traced to Arabic,
Statement of responsibility, etc. by Mohammad Ahmad Mazhar.
260 0# - PUBLICATION, DISTRIBUTION, ETC.
Place of publication, distribution, etc. Lahore,
Name of publisher, distributor, etc. Sunrise Art Printers
Date of publication, distribution, etc. [1967]
300 ## - PHYSICAL DESCRIPTION
Extent 351 p.
Dimensions 24 cm.
350 ## - PRICE (NR) (BK AM CF MU VM SE) [OBSOLETE]
Price 15.00
650 #0 - SUBJECT ADDED ENTRY--TOPICAL TERM
Topical term or geographic name entry element English language
General subdivision Foreign words and phrases
-- Arabic.
650 #0 - SUBJECT ADDED ENTRY--TOPICAL TERM
Topical term or geographic name entry element Arabic language
General subdivision Influence on English.

No items available.

Powered by Koha